| 000 | 00579nam a2200205 a 4500 | ||
|---|---|---|---|
| 005 | 20210219153101.0 | ||
| 008 | 991125n 000 0 spa u | ||
| 035 | _aUPN01000077160 | ||
| 100 | 1 | _aAguilar, Arturo | |
| 222 | _aREVISTA LATINOAMERICANA DE PSICOLOGIA | ||
| 245 | _aEscenas televisivas : validación de su contenido emocional | ||
| 300 | _a287-301 | ||
| 362 | 0 | _a1997 Vol. 29, no. 2 | |
| 653 | 0 | _aAUXILIARES AUDIOVISUALES | |
| 653 | 0 | _aEMOCIONES | |
| 653 | 0 | _aTELEVISION | |
| 700 | 0 |
_aRamÃrez, Beatriz, _ecoaut. |
|
| 904 |
_aAC _b014971 |
||
| 905 | _aArticulo | ||
| 999 |
_c68033 _d68033 |
||